| Поле | Название | Значение |
| |
Тип записи |
a |
| |
Библиографический уровень |
m |
| 001 |
Контрольный номер |
RU\infra-m\znanium\bibl\2234727 |
| 005 |
Дата корректировки |
20260429142232.4 |
| 008 |
Кодируемые данные |
260120s2025 RU g rus u |
| 020 |
Индекс ISBN |
__ |
| a |
ISBN |
978-5-9614-6654-6 |
| 040 |
Источник каталогиз. |
__ |
| a |
Служба первич. каталог. |
Общество с ограниченной ответственностью «ЗНАНИУМ» |
| 041 |
Код языка издания |
__ |
| a |
Код языка текста |
rus |
| 044 |
Код страны публикации |
__ |
| a |
Код страны публикации |
RU |
| 080 |
Индекс УДК |
__ |
| a |
Индекс УДК |
336 |
| 084 |
Индекс другой классификации/Индекс ББК |
__ |
| 2 |
Источник индекса |
rubbk |
| a |
Индекс другой классификации/Индекс ББК |
6526 |
| 084 |
Индекс другой классификации/Индекс ББК |
__ |
| 2 |
Источник индекса |
okso |
| a |
Индекс другой классификации/Индекс ББК |
38.03.01 |
| 100 |
Автор |
__ |
| a |
Автор |
Арчер М. |
| q |
Полное имя |
Арчер Майкл |
| 245 |
Заглавие |
__ |
| a |
Заглавие |
Трейдинг на валютном рынке для начинающих |
| b |
Продолж. заглавия |
Справочная литература |
| 250 |
Сведения об издании |
__ |
| a |
Основные сведения об издании |
1 |
| 260 |
Выходные данные |
__ |
| a |
Место издания |
Москва |
| b |
Издательство |
ООО "Альпина Паблишер" |
| c |
Дата издания |
2026 |
| 300 |
Физическое описание |
__ |
| a |
Объем |
460 с. |
| 520 |
Аннотация |
__ |
| a |
Аннотация |
По общему признанию едва ли можно найти лучшее пособие для новичков вступающих на валютный рынок FOREX чем эта книга. Помимо обширных знаний теоретических и практических вы получите удобное справочное руководство которое постепенно и уверенно введет вас в эту крупнейшую в мире игру. Вы узнаете как нужно шаг за шагом открывать свой торговый счет а многочисленные иллюстрации наглядно покажут с чем вам предстоит столкнуться на торговых платформах. Автор подробнейшим образом объясняет как расставлять и закрывать ордера чем обезопасит вас от неверных действий. Столь же детально он раскрывает особенности фундаментального и технического анализа позволяя начинающему трейдеру во всеоружии вступить в схватку за прибыли. В общем автор щедро делится огромным практическим опытом накопленным им более чем за 35 лет активной торговли и 10 лет преподавания основ трейдинга. Книга снабжена богатым справочным материалом об информационных ресурсах FOREX и подробным словарем терминов применяющихся на валютном рынке. |
| 521 |
Примеч. о цел. назн. |
__ |
| a |
Примеч. о целев. назн. |
Профессиональное образование |
| 650 |
Тематические рубрики |
__ |
| a |
Основная рубрика |
Экономика. Бухгалтерский учет. Финансы |
| x |
Основная подрубрика |
Ценные бумаги. Биржевое дело |
| 655 |
Указ. предметных рубрик (устаревшее) |
__ |
| a |
Жанр/ форма (устаревшее) |
Справочная литература |
| 856 |
Электронный адрес документа |
4_ |
| a |
Имя сервера/домена |
znanium.ru |
| m |
Помощь |
ebs_support@infra-m.ru |
| n |
Местонахождение сервера |
НИЦ ИНФРА-М |
| u |
URL |
https://znanium.ru/catalog/document?id=473344 |
| 856 |
Электронный адрес документа |
48 |
| a |
Имя сервера/домена |
znanium.ru |
| d |
Путь |
/cover/2234 |
| f |
Электронное имя |
2234727.jpg |
| q |
Тип электронного формата |
image/jpeg |
| u |
URL |
https://znanium.ru/cover/2234/2234727.jpg |
| 911 |
|
__ |
| u |
|
0030=https://znanium.ru/catalog/document?id=473344 |